000 01642nam a2200469 i 4500
001 35618
003 KOSZ 005
005 20240405063109.0
008 230811s1993 pl abo g 000 0 pol d
020 _a8385521334
040 _aKOSZ 005
_cKOSZ 005/RW
045 _bd1939
_bd1945
046 _k1993
080 _a94(438).082
080 _a94(438).082.1
080 _a355.01-058.65
245 0 0 _aKsięga pochowanych żołnierzy polskich poległych w II wojnie światowej.
_nT.1,
_pŻołnierze września N-Z /
_c[wstęp i redakcja naukowa Edward Pawłowski]
250 _aWydanie I.
260 _aPruszków :
_bOficyna Wydawnicza "Ajaks",
_c1993.
300 _a384, [1] strony, [15] stron tablic, [1] karta tablic złożonych :
_bfotografie, mapy ;
_c24 cm.
336 _aTekst
_btxt
_2rdacontent
337 _aBez urządzenia pośredniczącego
_bn
_2rdamedia
338 _aWolumin
_bnc
_2rdacarrier
380 _aKsiążki
380 _aPublikacje informacyjne
388 1 _a1901-2000
388 1 _a1989-2000
648 7 _a1901-2000
648 7 _a1939-1945
650 7 _aII wojna światowa (1939-1945)
650 7 _aKampania wrześniowa (1939)
650 7 _aStraty bojowe
650 7 _aWojsko
651 7 _aPolska
655 7 _aSpis osobowy
658 _aBezpieczeństwo i wojskowość
658 _aHistoria
700 1 _aPawłowski, Edward
_eRedakcja
710 2 _aOficyna Wydawnicza "Ajaks"
_4pbl
856 _uhttp://koha.tu.koszalin.pl/cgi-bin/koha/opac-detail.pl?biblionumber=35618
_yKatalog online BPK
942 _2UKD
_cKS
999 _c35618
_d35618